00939cam a22002773a 45000010005000000030006000050050017000110080041000280400015000690420007000840500007000911000054000982450085001522600029002375060030002665160020002966530055003166530036003716530033004076530052004408300028004928560041005209420007005619990019005689520074005875729PGUSA20140828083123.0040501s2004||||xxu|||||s|||||000 1 eng d aPGUSAbeng adc 4aPZ1 aJackson, Gabrielle E.q(Gabrielle Emilie),d1861-10aPeggy Stewart, Navy Girl, at Homeh[electronic resource] /cGabrielle E. Jackson bProject Gutenberg,c2004 aPublic domain in the USA. aElectronic text aChildren of military personnel -- Juvenile fiction aYoung women -- Juvenile fiction aMaryland -- Juvenile fiction aUnited States Naval Academy -- Juvenile fiction 0aProject Gutenbergv572940uhttp://www.gutenberg.org/ebooks/5729 cEB c235057d235057 001040aGTBbGTBd2014-08-28l0r2014-08-28 00:00:00w2014-08-28yEB